Normal view MARC view
  • REAL TIME CONTROL. MUC/OS

Entry Topical Term

Number of records used in: 1

001 - CONTROL NUMBER

  • control field: 61682

003 - CONTROL NUMBER IDENTIFIER

  • control field: NUST

005 - DATE AND TIME OF LATEST TRANSACTION

  • control field: 20210628202810.0

008 - FIXED-LENGTH DATA ELEMENTS

  • fixed length control field: 210628|| aca||aabn | a|a d

040 ## - CATALOGING SOURCE

  • Original cataloging agency: NUST
  • Transcribing agency: NUST

150 ## - HEADING--TOPICAL TERM

  • Topical term or geographic name entry element: REAL TIME CONTROL. MUC/OS

670 ## - SOURCE DATA FOUND

  • Source citation: Work cat.: (NUST): Labrosse, Jean.J 61681, Micro c/os-ii, the real time kernel, 2002
© 2023 Central Library, National University of Sciences and Technology. All Rights Reserved.